[Event "Valera FVA 82nd Anniv"]
[Site "Valera"]
[Date "2017.12.14"]
[Round "3"]
[White "Guerrero Hernandez, Nelson Yilberto"]
[Black "Molina Quevedo, Endry Alexander"]
[Result "0-1"]
[WhiteElo "1839"]
[BlackElo "2079"]
[PlyCount "61"]
[EventDate "2017.12.13"]
[EventType "swiss"]
[EventRounds "7"]
[EventCountry "VEN"]
[SourceTitle "CBM 182 Extra"]
[Source "ChessBase"]
[SourceDate "2018.02.23"]
[SourceVersion "1"]
[SourceVersionDate "2018.02.23"]
[SourceQuality "1"]

1. d4 Nf6 2. Bf4 g6 3. Nf3 Bg7 4. h3 d6 5. e3 Nbd7 6. Be2 b6 7. c4 Bb7 8. 0-0 0-0 9. Nbd2 c5 10. d5 Nh5 11. Bh2 Bxb2 12. Rb1 Bg7 13. a4 Rb8 14. Qb3 Ba8 15. Rfc1 Nhf6 16. Rc2 Ne8 17. Ra2 Nc7 18. Qa3 Na6 19. a5 Nb4 20. axb6 Rxb6 21. Qxa7 Nxa2 22. Rxb6 Qxb6 23. Qxd7 Qb7 24. Qg4 Qb6 25. Qd7 Qd8 26. Qa7 Nc1 27. e4 Re8 28. Qa3 Bb7 29. Qe3 e6 30. Qf4 exd5 31. cxd5 0-1

[Event "San Cristobal op 3rd"]
[Site "San Cristobal"]
[Date "2016.11.13"]
[Round "7.13"]
[White "Gauna Rojas, Jose Gregorio"]
[Black "Molina Quevedo, Endry Alexander"]
[Result "0-1"]
[WhiteElo "1949"]
[BlackElo "1903"]
[PlyCount "98"]
[EventDate "2016.11.10"]
[EventType "swiss"]
[EventRounds "7"]
[EventCountry "VEN"]
[SourceTitle "EXT 2022"]
[Source "ChessBase"]
[SourceDate "2021.10.06"]
[SourceVersion "1"]
[SourceVersionDate "2021.10.06"]
[SourceQuality "1"]

1. e4 c6 2. d4 d5 3. Nd2 dxe4 4. Nxe4 Nd7 5. Nf3 Ngf6 6. Ng3 e6 7. c3 Be7 8. Bd3 b6 9. 0-0 Bb7 10. Qe2 0-0 11. Re1 c5 12. dxc5 Nxc5 13. Bc2 Qc7 14. Nd4 Bd6 15. Bg5 Bxg3 16. hxg3 Nce4 17. Bxf6 Nxf6 18. Rad1 Rad8 19. Qe5 Qxe5 20. Rxe5 Rd6 21. Ree1 a6 22. f3 Rfd8 23. Kf2 Nd5 24. f4 g6 25. a3 h5 26. Nf3 b5 27. Bb3 Nf6 28. Rxd6 Rxd6 29. Bc2 Nd7 30. Rd1 Rxd1 31. Bxd1 Nc5 32. Bc2 Be4 33. Bxe4 Nxe4+ 34. Ke3 Nxg3 35. Kd4 Ne2+ 36. Kc5 Nxf4 37. Kb6 Nxg2 38. Kxa6 h4 39. Kxb5 h3 40. a4 e5 41. a5 e4 42. Nh2 e3 43. a6 e2 44. a7 e1Q 45. a8Q+ Kg7 46. Qb8 Qe2+ 47. Kc6 Ne1 48. Qf4 Nd3 49. Qd4+ Ne5+ 0-1

[Event "San Cristobal op 3rd"]
[Site "San Cristobal"]
[Date "2016.11.12"]
[Round "5"]
[White "Rodriguez Nolasco, Jesus"]
[Black "Molina Quevedo, Endry Alexander"]
[Result "1-0"]
[WhiteElo "1862"]
[BlackElo "1903"]
[PlyCount "67"]
[EventDate "2016.11.10"]
[EventType "swiss"]
[EventRounds "7"]
[EventCountry "VEN"]
[SourceTitle "EXT 2018"]
[Source "ChessBase"]
[SourceDate "2017.10.13"]
[SourceVersion "1"]
[SourceVersionDate "2017.10.13"]
[SourceQuality "1"]

1. e4 c6 2. d4 d5 3. e5 Bf5 4. c3 e6 5. Bd3 Bxd3 6. Qxd3 Qb6 7. Nf3 Qa6 8. Qxa6 Nxa6 9. b4 Nc7 10. a4 a5 11. Bd2 axb4 12. cxb4 Na6 13. b5 Nb4 14. Nc3 Nc2+ 15. Ke2 Nxa1 16. Rxa1 c5 17. b6 cxd4 18. Nb5 Rc8 19. Nc7+ Kd7 20. a5 Bc5 21. Rc1 Ba3 22. Rc2 Ne7 23. Nxd4 Nc6 24. Ndb5 Be7 25. f4 f6 26. f5 fxe5 27. fxe6+ Kd8 28. Nxd5 h6 29. Ndc7 Bf6 30. g3 Ke7 31. Be1 Rhd8 32. Rxc6 bxc6 33. Bb4+ Rd6 34. Nxd6 1-0

[Event "VEN-ch U14 3rd"]
[Site "San Antonio"]
[Date "2016.04.03"]
[Round "5.1"]
[White "Molina Quevedo, Endry Alexander"]
[Black "Ledezma Villamizar, Gabriel Enrique"]
[Result "1-0"]
[WhiteElo "1838"]
[BlackElo "1921"]
[PlyCount "84"]
[EventDate "2016.04.01"]
[EventType "swiss"]
[EventRounds "7"]
[EventCountry "VEN"]
[SourceTitle "EXT 2022"]
[Source "ChessBase"]
[SourceDate "2021.10.06"]
[SourceVersion "1"]
[SourceVersionDate "2021.10.06"]
[SourceQuality "1"]

1. c4 Nf6 2. g3 g6 3. Bg2 Bg7 4. Nc3 c6 5. e4 e5 6. Nge2 0-0 7. 0-0 c5 8. d3 d6 9. f4 Bg4 10. h3 Bxe2 11. Qxe2 Nc6 12. Qf2 Nb4 13. Rd1 exf4 14. gxf4 Nh5 15. Be3 f5 16. a3 Nc6 17. exf5 Rxf5 18. Be4 Rf8 19. Kh1 Bd4 20. Bxd4 Nxd4 21. Rg1 Rxf4 22. Qg2 Nf5 23. Ne2 Nh4 24. Qh2 Nf3 25. Qf2 Nxg1 26. Nxf4 Nxf4 27. Qxf4 Nxh3 28. Bd5+ Kg7 29. Qf7+ Kh8 30. Re1 Qf8 31. Re7 Nf2+ 32. Kg1 Qxf7 33. Rxf7 Nxd3 34. Rxb7 Re8 35. Rxa7 Re1+ 36. Kh2 Re2+ 37. Kg3 Re3+ 38. Kh2 Nxb2 39. Kg2 Rc3 40. a4 Nxc4 41. Kf2 Nb6 42. a5 Nxd5 1-0

[Event "VEN-ch U14 3rd"]
[Site "San Antonio"]
[Date "2016.04.02"]
[Round "4.1"]
[White "Carreno Volcan, Elias Efrain"]
[Black "Molina Quevedo, Endry Alexander"]
[Result "0-1"]
[WhiteElo "1669"]
[BlackElo "1838"]
[PlyCount "66"]
[EventDate "2016.04.01"]
[EventType "swiss"]
[EventRounds "7"]
[EventCountry "VEN"]
[SourceTitle "EXT 2022"]
[Source "ChessBase"]
[SourceDate "2021.10.06"]
[SourceVersion "1"]
[SourceVersionDate "2021.10.06"]
[SourceQuality "1"]

1. e4 c5 2. Nc3 Nc6 3. Bb5 g6 4. Bxc6 dxc6 5. d3 Bg7 6. Nge2 Nf6 7. 0-0 0-0 8. h3 Ne8 9. f4 f5 10. e5 Nc7 11. Be3 b6 12. Bf2 g5 13. d4 cxd4 14. Nxd4 c5 15. Nf3 gxf4 16. Qe2 Ba6 17. Qd1 Bxf1 18. Qxf1 Qe8 19. Qc4+ Qf7 20. Qxf4 Nd5 21. Nxd5 Qxd5 22. Qh4 e6 23. Be3 Qe4 24. Bf4 Qd5 25. Bh6 Bxh6 26. Qxh6 Rae8 27. Re1 Re7 28. Kh1 Rg7 29. Ng5 Qd2 30. Qxe6+ Kh8 31. Qd6 Qxe1+ 32. Kh2 Re8 33. e6 Rxg5 0-1

[Event "Caracas FVA 80th Ann"]
[Site "Caracas"]
[Date "2015.12.18"]
[Round "5"]
[White "Tortoza Lopez, Alexis"]
[Black "Molina Quevedo, Endry Alexander"]
[Result "1-0"]
[WhiteElo "1892"]
[BlackElo "1709"]
[PlyCount "83"]
[EventDate "2015.12.16"]
[EventType "swiss"]
[EventRounds "8"]
[EventCountry "VEN"]
[SourceTitle "EXT 2018"]
[Source "ChessBase"]
[SourceDate "2017.10.13"]
[SourceVersion "1"]
[SourceVersionDate "2017.10.13"]
[SourceQuality "1"]

1. c4 Nf6 2. Nc3 g6 3. e4 d6 4. g3 Bg7 5. Bg2 0-0 6. Nge2 e5 7. 0-0 Be6 8. d3 h6 9. f4 exf4 10. gxf4 c6 11. Ng3 Ng4 12. f5 Qh4 13. h3 Bd4+ 14. Kh1 Nf2+ 15. Rxf2 Bxf2 16. fxe6 Bxg3 17. Qb3 Be5 18. Be3 Qg3 19. Bg1 fxe6 20. Ne2 Qh4 21. d4 Bg7 22. Qxb7 Na6 23. Qxa6 Rf3 24. Bh2 Rf2 25. Bg3 Qf6 26. e5 dxe5 27. dxe5 Qf8 28. Qxc6 Rd8 29. Qxe6+ Kh8 30. Bxf2 Qxf2 31. Nc3 Qxb2 32. Rd1 Rxd1+ 33. Nxd1 Qd4 34. Qd5 Qh4 35. Qe4 Qg3 36. Ne3 Bxe5 37. Ng4 Bg7 38. Qxg6 Qe1+ 39. Kh2 Qe2 40. Qe4 Qb2 41. c5 h5 42. Qe8+ 1-0

[Event "South America School-ch"]
[Site "Aracaju"]
[Date "2014.12.09"]
[Round "7.3"]
[White "Bolanos, Fernando"]
[Black "Molina Quevedo, Endry Alexander"]
[Result "0-1"]
[WhiteElo "1915"]
[BlackElo "1645"]
[PlyCount "68"]
[EventDate "2014.12.06"]
[EventType "team-swiss"]
[EventRounds "7"]
[EventCountry "BRA"]
[SourceTitle "EXT 2016"]
[Source "ChessBase"]
[SourceDate "2015.10.08"]
[SourceVersion "1"]
[SourceVersionDate "2015.10.08"]
[SourceQuality "1"]
[WhiteTeam "Bolivia"]
[BlackTeam "Venezuela"]
[WhiteTeamCountry "BOL"]
[BlackTeamCountry "VEN"]

1. e4 c6 2. d4 d5 3. Nc3 dxe4 4. Nxe4 Nd7 5. Nf3 Ngf6 6. Ng3 e6 7. Bd3 Be7 8. 0-0 0-0 9. Qe2 b6 10. Ne5 Bb7 11. Bf4 c5 12. dxc5 Nxe5 13. Bxe5 Qd5 14. f4 Bxc5+ 15. Kh1 Qd8 16. f5 exf5 17. Nxf5 Re8 18. Nxg7 Qd5 19. Nxe8 Rxe8 20. Rxf6 Rxe5 21. Qf3 Qxf3 22. gxf3 Be3 23. Be4 Rxe4 24. h3 Re6 25. Rxe6 Bxf3+ 26. Kh2 Bf4+ 27. Kg1 fxe6 28. Rf1 Be3+ 29. Kh2 Bd5 30. b3 b5 31. Kg3 b4 32. Kg4 Kg7 33. h4 h5+ 34. Kg3 e5 0-1